Normal view
MARC view
- Sathian K.K (Guide)
Entry Personal Name
001 - CONTROL NUMBER
- control field: 21
003 - CONTROL NUMBER IDENTIFIER
- control field: OSt
005 - DATE AND TIME OF LATEST TRANSACTION
- control field: 20140215140323.0
008 - FIXED-LENGTH DATA ELEMENTS
- fixed length control field: 140215|| aca||aabn | a|a d
040 ## - CATALOGING SOURCE
- Original cataloging agency: OSt
- Transcribing agency: OSt
100 ## - HEADING--PERSONAL NAME
- Personal name: Sathian K.K (Guide)
670 ## - SOURCE DATA FOUND
- Source citation: Work cat.: (OSt)14069: Arun Jose 19, Assessement of run-off and erosion using GIS, 2007
